000 00385 a2200157 4500
001 171054
020 _a
040 _cMagnum
100 _aCruz, Roque
240 1 0 _aExperimentos de ciencias em microescala: corpo humano
_lpor
245 1 0 _aExperimentos de ciencias em microescala: corpo humano
362 0 _a1899
440 1 _aScipione
697 _aPARADIDATICOS
942 _cBK
999 _c171054
_d171054